000 00596nam a2200241Ia 4500
003 OSt
005 20220918201854.0
006 a|||||r|||| 00| 0
007 ta
008 220917b |||||||| |||| 00| 0 eng d
024 _a97,109
037 _cTextual
040 _aARTS
_cARTS
_beng
041 _2eng
_aeng
082 _aV2:1(P).N47, N4
100 _aBrock P
_9101099
245 0 _aMahtma Gandhi as a linguistic nationalist
260 _c1995
300 _a100p.
_ccm.
650 _aHISTORY
942 _hV2:1(P).N47, N4
_cTEXL
_2CC
999 _c220707
_d220707